000 00279nam a2200109Ia 4500
001 1268702
005 20260417145255.0
008 260417s9999 xx 000 0 und d
020 _a9786256309968
245 0 _aIbn Khaldun A Desert Journey
_cÖzkan Öze
260 _bKetebe Çocuk
999 _c1268702
_d1268702